00833nac a22002291u 4500010001700000020003500017082001800052090001500070100003400085245006000119250001200179260004600191300003500237500002600272504006600298511002600364650002100390700003600411942002000447999001500467952012100482 a 2002109109 a003034297X (hbk. : alk. paper)00a332.1068bKOC c5236d5236 aKoch, Timothy W. 10aBank management /cTimothy W. Koch, S. Scott MacDonald. a5th ed. aMason, Ohio :bSouth-Western,2003cc2003. axxiv, 888 p. :bill. ;c27 cm. adistributer: Al-Ahram aIncludes bibliographical references (p. 851-864) and indexes. acatalogued by: wessam 0aBank management.1 aMacDonald, Steven Scott,d1957- cBBk332.1068KOC c5236d5236 00104070aMAINbMAINc1STd2007-10-22ePurchasel2m7o332.1068KOCp000006364r2025-07-15 00:00:00s2014-03-11yBB